Statistics for Cities

Click here to take the quiz!

General Stats

  • This quiz has been taken 31 times
  • The average score is 8 of 10

Answer Stats

QuestionAnswer% Correct
GermanyHamburg
100%
UzbekistanTashkent
88%
BruneiBandar Seri Begawan
83%
SloveniaLjubljana
83%
BoliviaSucre
83%
MyanmarYangon
79%
IraqErbil
71%
GhanaCape Coast
58%
PalauNgerulmud
58%
BotswanaFrancistown
54%

Score Distribution

Percentile by Number Answered

Percent of People with Each Score

Your Score History

You have not taken this quiz